01257nas a22002537a 4500999001700000005001700017007001500034008004100049022001400090040000900104082001500113210000700128245008200135260007900217300001600296310001500312365001600327500050700343650005100850651001600901655002000917856003400937942003200971 c40795d4079520200515102251.0cz aa aaaaaaaa200425c b||poo||||o00| 0 eng d a0976-8175 coclc a420bJOU/E aCJ aThe Criterion :bAn International Journal In Englishhe-Journal (Open Access) aKolhapur, MaharashtrabResearch Center for English Language and Literature aPDF(online) aBi-Monthly eOpen Access aThe Criterion is a refereed e-journal designed to publish theoretical and research articles in English Literature and Language, Humanities and Social Sciences. The Criterion encourages interpretative criticism and fresh insights into new and established authors and texts and seeks to generate a serious debate on different multidisciplinary academic issues. We also encourage literary contributions in the form of original as well as translated poetry and fiction, book reviews and author interviews. 0aLanguagevEnglish & Old EnglishxEnglish92316 092254aIndia 092257ae-Journal uhttp://www.the-criterion.com/ 2ddccEJh420k420mJOU/Es1